"Thus it is written": (Record no. 9054)

000 -LEADER
fixed length control field 00581nam a2200181 a 4500
001 - CONTROL NUMBER
control field :::00006835$&:&@@
003 - CONTROL NUMBER IDENTIFIER
control field OkBaRHE
005 - DATE AND TIME OF LATEST TRANSACTION
control field 20000607103333.0
008 - FIXED-LENGTH DATA ELEMENTS--GENERAL INFORMATION
fixed length control field s1953 j 000 0 eng u
040 ## - CATALOGING SOURCE
Transcribing agency
100 1# - MAIN ENTRY--PERSONAL NAME
Personal name Goerner, Henry Cornell, 1908-
245 11 - TITLE STATEMENT
Title "Thus it is written":
Remainder of title the missionary motif in the scriptures.
260 ## - PUBLICATION, DISTRIBUTION, ETC. (IMPRINT)
Place of publication, distribution, etc Nashville, TN., :
Name of publisher, distributor, etc Broadman Press
Date of publication, distribution, etc 1953
300 ## - PHYSICAL DESCRIPTION
Extent 177 p. ;
Dimensions 18 cm.
650 ## - SUBJECT ADDED ENTRY--TOPICAL TERM
Topical term or geographic name as entry element Mission of the Church
942 ## - ADDED ENTRY ELEMENTS (KOHA)
Source of classification or shelving scheme
Koha item type Books
Copies
Damaged status Full call number Withdrawn status Lost status Date last seen Barcode Date acquired Shelving location Not for loan Koha item type Permanent Location Source of classification or shelving scheme Copy number Price effective from
 BV 601 .G6  2010-04-1468352010-04-14General Stacks BooksRHEMA Bible Training College 12010-04-14